000 01156nam0a22003011 4500
001 rc\3165747
005 20260407103102.0
021 _aRU
_b78-ОКЭ-43/13
021 _aRU
_bРг8105-78
035 _a(NLR Aleph) 007305173
090 _a5751850
_c5751850
100 _a20120615d1976 |||y0rusy50 ca
101 0 _arus
102 _aRU
105 _ay z |||||
200 1 _aСульфамонометоксин
_e(Реклам. проспект)
_fМ-во мед. пром-сти
210 _aМосква
_cЦБНТИ мед. пром-сти
_d[1976]
215 _a19 с.
_d21
300 _aАвт. указ. на обороте тит. л.
320 _aБиблиогр.: с. 19
700 1 _aПадейская
_bЕ.Н.
_gЕлена Николаевна
701 1 _aПолухина
_bЛ.М.
_gЛидия Михайловна
712 0 2 _aЦентральное бюро научно-технической информации медицинской промышленности
_cМосква
_3RU\NLR\AUTH\889931670
_9358754
801 0 _aRU
_bNLR
_gpsbo
801 1 _aRU
_bELAR
_2rusmarc
852 _aNLR
_j78-6/763
942 _cBOOK
980 _aNB